Tahmas Kulu Hanʼın tevarihi. (Record no. 45161)

MARC details
000 -LEADER
fixed length control field 00668cam a22002171 4500
001 - CONTROL NUMBER
control field ne 62000939
003 - CONTROL NUMBER IDENTIFIER
control field DLC
005 - DATE AND TIME OF LATEST TRANSACTION
control field 20260227111736.0
008 - FIXED-LENGTH DATA ELEMENTS--GENERAL INFORMATION
fixed length control field 890402s1942 tu 000 0 tur
010 ## - LIBRARY OF CONGRESS CONTROL NUMBER
LC control number ne 62000939
035 ## - SYSTEM CONTROL NUMBER
System control number (OCoLC)23555398
040 ## - CATALOGING SOURCE
Original cataloging agency DLC
Transcribing agency MiU
Modifying agency DLC
042 ## - AUTHENTICATION CODE
Authentication code premarc
050 00 - LIBRARY OF CONGRESS CALL NUMBER
Classification number DS294
Item number .A73 1942
100 0# - MAIN ENTRY--PERSONAL NAME
Personal name Arutin,
Titles and words associated with a name tanburı̂,
Dates associated with a name active 18th century.
245 10 - TITLE STATEMENT
Title Tahmas Kulu Hanʼın tevarihi.
260 ## - PUBLICATION, DISTRIBUTION, ETC.
Place of publication, distribution, etc. Ankara,
Name of publisher, distributor, etc. Türk Tarih Kurumu Basımevi,
Date of publication, distribution, etc. 1942.
300 ## - PHYSICAL DESCRIPTION
Extent 48 p.
Dimensions 25 cm.
600 00 - SUBJECT ADDED ENTRY--PERSONAL NAME
Personal name Nādir Shāh,
Titles and other words associated with a name Shah of Iran,
Dates associated with a name 1688-1747.
810 2# - SERIES ADDED ENTRY--CORPORATE NAME
Corporate name or jurisdiction name as entry element Türk Tarih Kurumu.
Title of a work Türk Tarih Kurumu yayınları, seri ;
Volume/sequential designation 2, no. 7.

No items available.

Powered by Koha